Sports Quiz

Random Sports or Baseball Quiz
Score 0/30 Timer 05:00
0 Plays Today
Team Player % Correct
Red SoxJacoby Ellsbury
98.8%
AngelsMike Trout
90.5%
RangersElvis Andrus and Alex Rios
86.9%
PiratesStarling Marte
85.7%
YankeesBrett Gardner
83.3%
Blue JaysRajai Davis
79.8%
PhilliesBen Revere and Jimmy Rollins
79.8%
BrewersJean Segura
79.8%
AstrosJose Altuve
77.4%
MetsEric Young Jr.
75%
PadresEverth Cabrera
73.8%
IndiansJason Kipnis
72.6%
White SoxAlexei Ramirez
72.6%
TigersAustin Jackson
70.2%
AthleticsCoco Crisp
69%
Team Player % Correct
NationalsIan Desmond
69%
RedsShin-Soo Choo
65.5%
MarlinsJuan Pierre
64.3%
DodgersCarl Crawford
60.7%
RaysDesmond Jennings
59.5%
RockiesCarlos Gonzalez
59.5%
GiantsHunter Pence
59.5%
CardinalsJon Jay
47.6%
DiamondbacksPaul Goldschmidt
44%
CubsAlfonso Soriano
42.9%
RoyalsJarrod Dyson
40.5%
BravesJordan Schafer
28.6%
TwinsPedro Florimon
26.2%
OriolesNate McClouth
25%
MarinersMichael Saunders
25%

You're not logged in!

Compare scores with friends on all Sporcle quizzes.
OR
Log In

Sporcle TV

Today on Sporcle TV


Watch our educational content, quiz creation guides, and fun videos on Sporcle TV.

Show Comments

Extras

Top Quizzes Today


Score Distribution

Paid Content

Your Account Isn't Verified!

In order to create a playlist on Sporcle, you need to verify the email address you used during registration. Go to your Sporcle Settings to finish the process.

Report this User

Report this user for behavior that violates our Community Guidelines.

Details: